000 00364nam a2200145Ia 4500
008 210716s1988 xx 000 0 und d
041 _aeng
082 _a005.133 BORI
100 _aBorland.
245 _aTurbo c: users guide.
_bUsers guide.
250 _a1
260 _aNew Delhi
_bBorland International
_c1988
300 _axvii,424
650 _aC Programming
999 _c181878
_d181878